Justicia sin jueces. Métodos alternativos a la justicia tradicional.

Guardat en:
Dades bibliogràfiques
Autor principal: Ortuño Muñoz, Pascual (autor)
Altres autors: Cobacho Gómez, José Antonio (prólogo)
Format: Desconegut
Idioma:anglès
Publicat: Barcelona, España: Ariel, 2018.
Edició:Primera edición.
Matèries:
Etiquetes: Afegir etiqueta
Sense etiquetes, Sigues el primer a etiquetar aquest registre!

MARC

LEADER 00000 a2200000 4500
003 CL-VaPUC
005 20240717160001.0
008 240702t2018 ||||| |||| 00| 0 eng d
999 |c 443911  |d 443909 
020 |a 978-84-344-2912-3 
040 |c Pontificia Universidad Católica de Valparaíso 
082 |2 22  |a 347.4609 ORT 2018 
100 |a Ortuño Muñoz, Pascual   |9 889385  |e autor 
245 |a Justicia sin jueces.   |b Métodos alternativos a la justicia tradicional.  
250 |a Primera edición.  
260 |a Barcelona, España:  |b Ariel,  |c 2018. 
300 |a 365 páginas. 
583 |k GC  |c 20240702 
650 0 |9 434922  |a Resolución de conflictos  |v Métodos   |x Tribunales  
650 0 |9 496451  |a Mediación penal  |x Aspectos comunicativos y sociales   |z España 
700 |9 889854  |a Cobacho Gómez, José Antonio  |e prólogo 
942 |2 ddc  |c BK 
952 |0 0  |1 0  |2 ddc  |4 0  |6 347_460900000000000_ORT_2018  |7 0  |8 A  |9 595263  |a BIBGIM  |b BIBGIM  |c GEN  |d 2024-07-02  |e 13  |g 26977.00  |i 5661449  |l 1  |o 347.4609 ORT 2018  |p 5661449  |r 2025-01-15  |s 2024-10-17  |t 1  |v 26977.00  |w 2024-07-02  |y BK  |k SSL 
952 |0 0  |1 0  |2 ddc  |4 0  |6 347_460900000000000_ORT_2018  |7 0  |8 A  |9 595591  |a BIBGIM  |b BIBGIM  |d 2024-07-12  |e 13  |g 26977.00  |i 5662235  |l 1  |m 1  |o 347.4609 ORT 2018  |p 5662235  |r 2025-01-15  |s 2024-10-10  |t 2  |v 26977.00  |w 2024-07-12  |y BK  |k SSL